000 00747cam a2200205 4500
001 WB3602-04
008 000000n2000 000 0 eng u
035 _a(Sirsi) u103504
245 _aBoost for builders
260 _c2000
490 _aFinancial Times
_v10 January 2000, 4(1)
520 _aA survey by the Construction Products Association indicates that the growing demand for leisure facilities will boost construction activity over the next decade. The survey forecasts annual growth of more than 2% over the next 10 years.
590 _aWB
650 _aLEISURE SECTOR
650 _aCONSTRUCTION OUTPUT
650 _aFORECASTS
650 _aCONSTRUCTION MARKET
690 _aBUILT ENVIRONMENT-CONSTRUCTION MARKET
942 _n0
999 _c62181
_d62181